シャインポスト 全楽曲 - Statistics

General Stats
  • This quiz has been taken 7 times
  • The average score is 13 of 18
Answer Stats
アーティスト名 曲名 % Correct
TINGS ワンダー・スターター
100%
TINGS パレットガールズ
100%
TINGS Be Your Light!!
100%
HY:RAIN GYB!!
100%
TINGS Yellow Rose
100%
TINGS On Your Mark!!
80%
螢(CV.大橋彩香) Sweet Surrender
80%
TINGS TOKYO WATASHI COLLECTION
80%
TINGS 春風に乗って
60%
TINGS 一歩前ノセカイ
60%
螢(CV.大橋彩香) 前奏曲
60%
ゆらゆらシスターズ ゆらゆらワンダフルワールド
60%
TINGS Be Happy Time!!
60%
TINGS Life goes on!
60%
TINGS Snow Leaves
60%
FFF FiRST STEP
40%
HY:RAIN Misty=Missing You
40%
HY:RAIN Rain of BulletsXX
40%
No matching quizzes found
Score Distribution
Percent of People with Each Score
Percentile by Number Answered
Your Score History
You have not taken this quiz